Movies Quiz

Random Movies Quiz

How Well Do You Know Frozen? Quiz Stats

Quiz not verified by Sporcle

Also try: 4 Movies Foursomes
Challenge
Share
Tweet
Embed
Score 0/30 Timer 07:00
0 Plays Today
Question Answer % Correct
Are Elsa and Anna twins?No
96.9%
Does Elsa freeze Arondel on purpose?No
96.9%
What does Kristoff sell for a living?Ice
68.8%
Who makes Olaf?Elsa
65.6%
What color does Anna's hair turn when she is first hit with ice in her head?white
63.7%
Does Sven love carrots?Yes
59.7%
At what age does Elsa become queen?21
53.9%
What season does Olaf sing about?Summer
52.4%
When they (Anna, Kristoff, Sven, and Olaf) are at Elsa's castel what does Olaf question Anna's ability to do?Knock
51.9%
What do the people of Arondel do in the end of the movie?Iceskate
49.5%
Was she born or cursed with the powers?born
49.5%
True or False- Anna says to Hans 'The only one with a frozen heart here is you' and punches him? True
46.1%
True or False- Anna dies?False
45.6%
What does Olaf call the snow/ice giant?Marshmallow
43.9%
What does Olaf say to Anna the first time he starts to melt?Some people are worth melting for
41.2%
Question Answer % Correct
What song has a reprise?For The First Time In Forever
40.7%
At what age does Anna become the princess? (Elsa is Queen)19
36.3%
Which characters sing For The First Time In Forever and For The First Time In Forever reprise?Anna and Elsa
36.1%
What is the very first song in Frozen?Frozen Heart
33.9%
Where does Elsa go to when she escapes Arondel?The North Mountain
30.7%
What does Christof say when he first sees Elsa's ice castle and Anna says 'Go ahead, I won't judge'?I'm gonna cry
28.6%
How many years apart are Anna and Elsa?3 years
25.9%
When Olaf says 'Who's the funny looking donkey thing?' and 'Okay, so who's the reindeer?' What does Anna say?That's Sven
24.3%
When Kristoff takes Olaf's arm, Olaf keeps saying to Anna ____, ___?Yeah, why?
20.9%
What does Olaf receive from Elsa when he says 'This is the best day of my life! And maybe the last to.'His own personal flurry
18.5%
What type of powers does Elsa have?Ice and snow
7.8%
Why does Elsa freeze Arondel?Anna made her angry
6.8%
Why does Elsa wear gloves?To protect herself and others
5.6%
Who does Anna meet on her quest to find Elsa?Kristoff, Sven, and Olaf
5.1%
What does Grand Pappi say when he removes the memories of magic from Anna?I remove the magic, but don't worry I leave the fun
1.9%

You're not logged in!

Compare scores with friends on all Sporcle quizzes.
Sign Up with Email
OR
Log In

You Might Also Like...

Show Comments

Extras

Top Quizzes Today


Score Distribution

Your Account Isn't Verified!

In order to create a playlist on Sporcle, you need to verify the email address you used during registration. Go to your Sporcle Settings to finish the process.